000 00549nam a2200193Ia 4500
005 20250508152435.0
008 008 250505s9999 xx 000 0 eng d
037 _aTextual
040 _aFEDL
_beng
_cFEDL
041 _aeng
_2eng
084 _a370.1544, JON
_qFEDL
100 _aJones Howard Mumford
245 0 _aReflections on learning
260 _aNew Jersey, USA
_bRutgers University Press
_c1958
300 _a97p.
650 _aEducation-Learning
_9756516
942 _cTEXL
_h370.1544, JON
999 _c1336436
_d1336436